000
00167nam a2200085 4500
001
1256022
005
20251218101611.0
245
_a
sdASDasdASD
_c
asdASD
260
_b
asdASD
999
_c
1256022
_d
1256022